Troff typesetting for UNIX systems /

Bibliographic Details
Main Author: Emerson, Sandra L., 1947-
Other Authors: Paulsell, Karen
Format: Book
Language:English
Published: Englewood Cliffs, N.J. : Prentice-Hall, [1987]
Subjects:

MARC

Tag First Indicator Second Indicator Subfields
LEADER 00000pam a2200000 a 4500
001 in00000444539
005 20151012065901.0
008 860509s1987 nju b 00110 eng
010 |a  86012299  
020 |a 0139309594 (pbk.) :  |c $29.95 
035 |a (OCoLC)13641988 
035 |9 ABW4666AM 
040 |a DLC  |c DLC  |d TXA  |d UtOrBLW 
049 |a TXAM  |c [A09798021] 
050 0 0 |a Z253.4.U53  |b E45 1987 
082 0 |a 686.2/2544  |2 19 
100 1 |a Emerson, Sandra L.,  |d 1947- 
245 1 0 |a Troff typesetting for UNIX systems /  |c Sandra L. Emerson and Karen Paulsell. 
264 1 |a Englewood Cliffs, N.J. :  |b Prentice-Hall,  |c [1987] 
264 4 |c ©1987 
300 |a xx, 359 pages ;  |c 24 cm. 
336 |a text  |b txt  |2 rdacontent 
337 |a unmediated  |b n  |2 rdamedia 
338 |a volume  |b nc  |2 rdacarrier 
500 |a On title page the registered trademark symbol "TM" is superscript followng UNIX in the title. 
504 |a Includes bibliographical references and index. 
650 0 |a Computerized typesetting. 
630 0 |a UNIX (Computer file) 
630 0 0 |a TROFF. 
700 1 |a Paulsell, Karen. 
999 |a MARS 
999 f f |s d66c962a-03a8-3763-a2c1-125be61c4a56  |i 9dd4f9e5-6698-35d7-9009-f09aad7d1eac  |t 0 
952 f f |p ric  |a Texas A&M University  |b Rellis Campus  |c Joint Library Facility  |d Remote Storage  |t 0  |e Z253.4.U53 E45 1987  |h Library of Congress classification  |i unmediated -- volume  |m A14809798021 
998 f f |a Z253.4.U53 E45 1987  |t 0  |l Remote Storage